| 000 | 00721nam a22001817a 4500 | ||
|---|---|---|---|
| 003 | NUST | ||
| 005 | 20240604122700.0 | ||
| 020 | _a9789384323127 | ||
| 082 | _a515.98,ZIL | ||
| 100 |
_aZill, Dennis G _91266 |
||
| 245 |
_aComplex Analysis / _cDennis G. Zill, Patrick D. Shanahan |
||
| 250 | _a3rd Edition | ||
| 260 |
_aIndia _bJones and Bartlett _c2016 |
||
| 300 | _axv, 425 p | ||
| 505 | _aComplex Numbers and the Complex Plane (Page-2), Complex Functions and Mappings (Page-46), Analytic Functions (Page-102), Elementary Functions (Page-150), Integration in the Complex Plane (Page-200), Series and Residues (Page-258), Conformal Mappings (Page-334). | ||
| 650 | _a Functions of complex variables | ||
| 942 |
_2ddc _cBK |
||
| 999 |
_c594303 _d594303 |
||